The critical survey the journal of the Critical Quarterly Society.

Bibliographic Details
Corporate Author: Critical Quarterly Society (Great Britain)
Format: Electronic Journal
Language:English
Published: Hull : Critical Quarterly Society, 1962-
Oxford : Oxford University Press
Oxford : Berghahn Books, Inc.
Subjects:
Online Access:Full text available from Research Library: 01/01/2008 to 579 days ago

MARC

LEADER 00000nas a2200000 a 4500
001 ssj0012002
003 WaSeSS
005 20200512172242.0
006 m d
007 cr n
008 050614c19629999enktr p s o 0 0eng c
010 |a  2009263476 
022 |a 1752-2293  |l 0011-1570  |y 0011-1570 
035 |a (WaSeSS)ssj0012002 
040 |a OCLCS  |b eng  |c OCLCS  |d NTE  |d TXA  |d OCLCQ  |d EYM  |d OCLCF  |d VT2  |d OCLCQ  |d OCLCE  |d UKBOL  |d UUM  |d WaSeSS 
042 |a pcc 
043 |a e-uk--- 
050 1 4 |a PR1  |b .C74 
082 0 4 |a 820.9/0005  |2 20 
130 0 |a Critical survey (Hull, England : Online) 
245 1 4 |a The critical survey  |h [electronic resource] :  |b the journal of the Critical Quarterly Society. 
246 1 3 |a CS 
260 |3 1962-1973 :  |a Hull :  |b Critical Quarterly Society,  |c 1962- 
260 2 |3 1989-1996 :  |a Oxford :  |b Oxford University Press 
260 3 |3 1997- :  |a Oxford :  |b Berghahn Books, Inc. 
310 |a 3 no. a year,  |b 1991- 
321 |a Semiannual,  |b 1989-1990 
321 |a Quarterly,  |b 1964-1973 
362 0 |a Vol. 1, no. 1 (autumn 1962)-v. 6, no. 1 and 2 (summer 1973) ; v. 1, no. 1 (1989)- 
500 |a Title from PDF cover (JSTOR, viewed Dec. 10, 2012). 
506 |a License restrictions may limit access. 
515 |a Publication suspended from 1974-1988. Numbering started over in 1989 with Vol. 1, no. 1 (1989). 
538 |a Mode of access: World Wide Web. 
588 |a Latest issue consulted: Vol. 21, no. 2 (summer 2009) (viewed Dec. 9, 2009). 
650 0 |a English literature  |x History and criticism  |v Periodicals. 
650 7 |a English literature.  |2 fast  |0 (OCoLC)fst00911989 
650 1 7 |a Literatuurwetenschap.  |2 gtt 
653 |a Literature 
655 0 |a Electronic journals. 
710 2 |a Critical Quarterly Society (Great Britain) 
776 0 8 |i Print version, 1962-1973:  |t Critical survey (Hull, England)  |w (DLC) 68006949  |w (OCoLC)1565470 
776 0 8 |i Print version, 1989- :  |t Critical survey (Oxford, England)  |w (DLC) 92660606  |w (OCoLC)20102503 
856 4 0 |z Full text available from Research Library: 01/01/2008 to 579 days ago  |u https://search.proquest.com/publication/34056